• 首页
  • 本馆介绍
  • 公告通知
  • 最新文献
  • 馆藏检索
  • 电子资源
  • 读者导购
  • 参考咨询
  • 我的图书馆
  • 登录
  • 详细信息显示
  • 放入我的书架
  • 预约/预借图书
  • 作者相关作品
  • 分类相关作品
  • 丛书相关作品
  • 出版社相关作品

书目信息

  • 表格格式
  • 工作单格式
  • 卡片格式
题名:
抽象空间引论
    
 
作者: 胡适耕、张显文 著
分册:  
出版信息: 北京   科学出版社  
页数: 235页
开本: 26cm
丛书名: 大学数学科学丛书 7
单 册:
中图分类: O177.3
科图分类:
主题词: 数学分析
电子资源:
ISBN: 7-03-014876-2
000 00632nam0 2200205 450
001 0732828906
005 20070903090708.90
010    @a7-03-014876-2@d¥29.00
100    @a20070903d km y0chiy0120 ea
101 0  @achi
200 1  @a抽象空间引论@Achou xiang kong jian yin lun@f胡适耕、张显文著@Fhu shi geng、zhang xian wen zhu
210    @a北京@c科学出版社
215    @a235页@d26cm
225 2  @a大学数学科学丛书 7
410  0 @12001 @a大学数学科学丛书 7
606 0  @a数学分析
690    @aO177.3@v3
701  0 @a胡适耕、张显文@Ahu shi geng、zhang xian wen@4著
801  0 @aCN@bPFT@c20070903
905    @a213230@dO177.3@eS307@f1
    
    抽象空间引论/胡适耕、张显文著.-北京:科学出版社
    235页;26cm.-(大学数学科学丛书 7)
    
    
    ISBN 7-03-014876-2:¥29.00
    
●
相关链接 在E读中查询图书 在五车中查询图书 在当当中查询图书 在豆瓣中查询图书


正题名:抽象空间引论     索取号:O177.3/S307         预约/预借

序号 登录号 条形码 馆藏地/架位号 状态 备注
1 6705676   267056767   数信系资料室/ [索取号:O177.3/S307] 在馆    
2 6705677   267056776   密集书库-数信学院/ [索取号:O177.3/S307] 在馆    
唐山师范学院图书馆 欢迎您!
大连网信软件有限公司© 版权所有